| 000 | 01007nmm a2200289 a 4500 | ||
|---|---|---|---|
| 001 | ocm0002015784 | ||
| 003 | TR-IsHL | ||
| 005 | 20201028180758.0 | ||
| 008 | 181221s1990 tu tur | ||
| 007 | cr cn | ||
| 020 | _a9789755200194 | ||
| 035 |
_a2015784 _b(N$T) |
||
| 050 | 0 | 4 |
_aPT2611.R814 _bZ5219 1990 |
| 090 | 0 | 4 |
_aPT2611.R814 _bZ5219 1990 |
| 100 | 1 | _aFrisch, Max | |
| 245 | 1 | 0 |
_aGünce _h[electronic resource] / _cMax Frisch ; çeviren Rezzan Algün, Edeltrud Özdemir |
| 260 |
_aİstanbul : _bGündogan Yayınları, _c1990 |
||
| 300 | _a199 p. | ||
| 650 | 4 | _aDil ve Edebiyat | |
| 650 | 4 | _aLanguage and Literature | |
| 650 | 0 |
_aFrisch, Max _x Diaries |
|
| 650 | 0 |
_aFrisch, Max _x Günlükler |
|
| 650 | 7 |
_aLITERARY COLLECTIONS / European / German _2bisacsh |
|
| 700 | 1 | _aAlgün, Rezzan | |
| 700 | 1 | _aÖzdemir, Edeltrud | |
| 856 | 4 | 0 | _uhttp://search.ebscohost.com/login.aspx?direct=true&scope=site&db=e011xww&AN=2015784 |
| 999 |
_c19300 _d19300 |
||